African Countries and Alphabetical Partners Quiz Stats

 Plays Quiz Updated Jul 2, 2018

Challenge
Share
Tweet
Embed
Score 0/54 Timer 01:00
4 Plays Today
% Correct
Algeria
90.7%
Angola
89.3%
Djibouti
86.7%
Zimbabwe
84.4%
Egypt
78.4%
Equatorial Guinea
76.8%
South Sudan
75.6%
Benin
75.4%
Somalia
73.5%
Central African Republic
73.4%
Chad
73%
South Africa
73%
Democratic Republic of the Congo
71.7%
Uganda
71.6%
Zambia
71.4%
Namibia
71.1%
Ghana
70.2%
Comoros
69%
Botswana
67.9%
Lesotho
67.8%
Côte d'Ivoire
66.4%
The Gambia
66.3%
eSwatini
66.2%
Togo
65.9%
Guinea
65.7%
Malawi
65.6%
Niger
64.3%
% Correct
Liberia
63.5%
Guinea-Bissau
63.4%
Madagascar
63.1%
Libya
63%
Tunisia
62.6%
Burkina Faso
62.3%
Ethiopia
62.3%
Tanzania
62.2%
Kenya
61.6%
Mozambique
61.4%
Cabo Verde
60.5%
Cameroon
58.6%
Nigeria
58.4%
Mali
58.3%
Gabon
57.8%
Burundi
57.8%
Eritrea
57.1%
Morocco
56.3%
Mauritania
55.7%
Sudan
55.4%
São Tomé and Príncipe
53.5%
Mauritius
51.4%
Republic of the Congo
51.4%
Rwanda
49.1%
Sierra Leone
47.2%
Seychelles
43.9%
Senegal
40.6%

You're not logged in!

Compare scores with friends on all Sporcle quizzes.
Join for Free
OR
Log In

You Might Also Like...

Show Comments

Extras

Top Quizzes Today


Score Distribution

Your Account Isn't Verified!

In order to create a playlist on Sporcle, you need to verify the email address you used during registration. Go to your Sporcle Settings to finish the process.

Report this User

Report this user for behavior that violates our Community Guidelines.

Details: